Transform North East India : (Record no. 8849)

MARC details
000 -LEADER
fixed length control field 00847nam a22001937a 4500
003 - CONTROL NUMBER IDENTIFIER
control field GBCCL
005 - DATE AND TIME OF LATEST TRANSACTION
control field 20241126110659.0
008 - FIXED-LENGTH DATA ELEMENTS--GENERAL INFORMATION
fixed length control field 211123b ||||| |||| 00| 0 eng d
040 ## - CATALOGING SOURCE
Transcribing agency gbc
082 ## - DEWEY DECIMAL CLASSIFICATION NUMBER
Classification number 261.8095417
Item number TRA
245 ## - TITLE STATEMENT
Title Transform North East India :
Remainder of title revitalize the Church and community /
Statement of responsibility, etc. foreword by Luis Bush ; edited by T. Hawiphal.
260 ## - PUBLICATION, DISTRIBUTION, ETC.
Place of publication, distribution, etc. Guwahati, Assam, India :
Name of publisher, distributor, etc. Transform North East India
Date of publication, distribution, etc. 2020, 2016.
300 ## - PHYSICAL DESCRIPTION
Extent ix, 297 pages,
Other physical details 16 unnumbered pages of plates : illustrations (black and white, and colour), 1 map (colour) ;
Dimensions 22 cm
650 ## - SUBJECT ADDED ENTRY--TOPICAL TERM
Topical term or geographic name entry element Church and social problems
Geographic subdivision India,
9 (RLIN) 1133
650 ## - SUBJECT ADDED ENTRY--TOPICAL TERM
Topical term or geographic name entry element Northeastern
Form subdivision Congresses.
9 (RLIN) 15550
650 ## - SUBJECT ADDED ENTRY--TOPICAL TERM
Topical term or geographic name entry element Missions
Form subdivision Congresses.
Geographic subdivision India,
-- Northeastern
9 (RLIN) 15551
650 ## - SUBJECT ADDED ENTRY--TOPICAL TERM
Topical term or geographic name entry element Tribes
Form subdivision Services for
Geographic subdivision India,
-- Northeastern
-- Congresses.
9 (RLIN) 15552
942 ## - ADDED ENTRY ELEMENTS (KOHA)
Source of classification or shelving scheme Dewey Decimal Classification
Koha item type Books
Koha issues (borrowed), all copies 9
Holdings
Withdrawn status Lost status Source of classification or shelving scheme Damaged status Not for loan Home library Current Library Shelving location Date acquired Total checkouts Total renewals Full call number Barcode Date last seen Date last checked out Copy number Price effective from Koha item type
    Dewey Decimal Classification     GRACE BIBLE COLLEGE GRACE BIBLE COLLEGE North East Collection 2021-11-23 12 1 261.8095417 TRA 015320 2025-08-18 2025-08-08 c.1 2021-11-23 Books
© Grace Bible College Library 2025